Word Ladder: Finding Nemo Quote Quiz Stats

Quiz Updated Jul 17, 2016

Challenge
Share
Tweet
Embed
Score 0/24 Timer 03:00
0 Plays Today
Clue 4-Letter Answer % Correct
🐟 To move in water 🐟🐟 SWIM 🐟
96.8%
Provide aidHELP
95.6%
Recover from injuryHEAL
95.3%
Bond actor ConnerySEAN
95.1%
Grains at the beachSAND
94.7%
An aquatic mammalSEAL
94.6%
To deliver words musicallySING
94.3%
A large disorganized pileHEAP
93.5%
Purple-reddish vegetableBEET
92.5%
Slender or skinnySLIM
91.8%
Edible seaweedsKELP
91.7%
Highest qualityBEST
91.3%
Clue 4-Letter Answer % Correct
Envy, sloth, and greed, e.g.SINS
91.2%
Spoken aloudSAID
91%
Sound made by a hornBEEP
90.9%
Dove into second baseSLID
89.9%
Without in FrenchSANS
89.5%
🐟 Innermost structure of a medieval castle 🐟🐟 KEEP 🐟
87.6%
Speak or act jokinglyJEST
87.3%
🐟 Chinese dynasty from 1368-1644 🐟🐟 MING 🐟
86%
🐟 Fair and equitable or exact 🐟🐟 JUST 🐟
84%
An amount of liquid taken in one swallowSWIG
78.9%
Greek myth: Leda and the ___SWAN
78.4%
Free merchandise for promotional purposesSWAG
75.9%

Today's Daily Dose

You're not logged in!

Compare scores with friends on all Sporcle quizzes.
Sign Up with Email
OR
Log In

You Might Also Like...

Show Comments

Extras

Top Quizzes Today


Score Distribution

Your Account Isn't Verified!

In order to create a playlist on Sporcle, you need to verify the email address you used during registration. Go to your Sporcle Settings to finish the process.